01291nam a2200205 450000500170000000800410001704000440005804100080010208200120011010000350012224500880015726000940024530000350033950003370037450502240071150600210093558600700095665000280102665000310105420160718084500.0160718s1916 sp |||fr|||| 001 0 spa d aCO-BoUCMbspacSandra YazodSandra Yazo0 aspa04220a3011 aLlovera, José M. d1874-194910aTratado elemental de Sociología Cristianacpor el Dr. D. José Ma. Llovera, Pbro aBarcelona (España)bOficina central de la Acción social PopularbNicolas Poncelc1916 axi, 364 páginasc22 x 14 cm. aDetalles físicos: Encuadernación rígida en cartón forrado en tela. Tapa delantera y lomo con texto impreso en tinta negra, enmarcado en un recuadro. Guardas. Anteportada. Portada impresa en una sola tinta. Texto impreso en una sola columna, con varios tamaños de letra. Notas al pie de página. Papel con algunas manchas0 aPreliminares ; La causa eficiente del orden social ; Las causas materiales del orden social civil ; Las causas formales del orden social civil ; Las causas finales del orden social ; Sucinta idea de la cuestión social aConsulta en sala aObra laureada en el primer concurso de la Acción Social Popular 7aSociología cristiana  7aReligión y sociología